Plats Froids - Mort Subite - Statistiques

Statistiques générales
  • Ce quiz a été pris 317 fois
  • Le résultat moyen est 6 sur 16
Answers on the Grid
Answers color-coded by a green-red scale on the quiz's grid according to % correct below.
Ceviche
Gravlax
Cretons
Naengmyeon
Soupe froide au melon
Gaspacho
Glorified rice
Dahi vada
Œufs mayonnaise
Mousse au chocolat
Saint-honoré
Snezhanka
Salade Waldorf
Gelato
Skagenröra
Cocktail de crevettes
Omurice
Kare-kare
Dolsot bibimbap
Shuizhu
Steak Diane
Blanquette de veau
Okoy
Huîtres Rockefeller
Crêpes Suzette
Cochinita pibil
Anges à cheval
Phở / Soupe tonkinoise
 
Statistiques - réponses
Réponse % Correct
Œufs mayonnaise
74%
Mousse au chocolat
70%
Gaspacho
68%
Soupe froide au melon
63%
Cocktail de crevettes
60%
Gelato
58%
Gravlax
51%
Saint-honoré
46%
Ceviche
45%
Salade Waldorf
37%
Glorified rice
7%
Cretons
5%
Skagenröra
5%
Dahi vada
3%
Naengmyeon
3%
Snezhanka
2%
Aucun quiz correspondant
Distribution des résultats
% des personnes avec chaque résultat
Percentile par nombre de réponses
Votre historique - résultats
Vous n’avez pas pris ce quiz